000 00751nam a2200217Ii 4500
003 JO-AjNU
008 230605s9999||||xx |||||||||||||| ||und||
017 _a79/2819
020 _a7916-45-8
040 _aJO-AjNU
_bara
_erda
_cJO-AjNU
041 _aara
050 1 4 _aBP160.I27 1979
100 3 _aبن الجوزي، أبي الفرج عبد الرحمن ، تحقيق: عبد القادر أحمد عطا,
_eauthor
_915504
245 0 0 _aصيد الخاطر
264 3 1 _aد.م: مكتبة الكليات الازهرية، 1979
300 _a727ص
336 _atext
_btxt
_2rdacontent
337 _aunmediated
_bn
_2rdamedia
338 _avolume
_bnc
_2rdacarrier
650 4 _aالدعوة الاسلامية- الوعظ والارشاد
_915505
999 _aA4395
_c7963
_d7963